| 000 | 00490nam a2200205Ia 4500 | ||
|---|---|---|---|
| 005 | 20240823014003.0 | ||
| 008 | 240823s9999||||xx |||||||||||||| ||und|| | ||
| 020 | _a0-07-059043-5 | ||
| 041 | _aENGLISH | ||
| 082 | _A658.40353 P4 | ||
| 100 | _a"Scannell,Edward" | ||
| 245 | 4 | _aThe big book Presentation Games | |
| 250 | _a1st | ||
| 260 |
_c2004 _bTMH New D |
||
| 500 | _aYES | ||
| 650 |
_aGames _bManagement Studies |
||
| 700 | _a" Newstrom,John" | ||
| 942 | _cBK | ||
| 999 |
_c168797 _d168797 |
||